Normal view
MARC view
Entry Corporate Name
001 - CONTROL NUMBER
- control field: 10403
003 - CONTROL NUMBER IDENTIFIER
- control field:
005 - DATE AND TIME OF LATEST TRANSACTION
- control field: 20210601180138.0
008 - FIXED-LENGTH DATA ELEMENTS
- fixed length control field: 210601|| aca||aabn | a|a d
040 ## - CATALOGING SOURCE
- Original cataloging agency:
- Transcribing agency:
110 ## - HEADING--CORPORATE NAME
- Corporate name or jurisdiction name as entry element: India .
- Subordinate unit: Parliament .
- Subordinate unit: Rajya Sabha
- Number of part/section/meeting: (53rd session :
- Date of meeting or treaty signing: 1965)
670 ## - SOURCE DATA FOUND
- Source citation: Work cat.: (): India . Parliament . Rajya Sabha (53rd session : 1965), Parliamentary debates :, 1965
